000 00329nam a22001457a 4500
003 SGT
020 _a978-93-325-8744-1
082 _a616.01
_bBAU
100 _aBAUMAN, ROBERT W.
245 _aMICROBIOLOGY WITH DISEASES
260 _aINDIA
_bPEARSON PUB.
_c2017
300 _a937
650 _aMICROBIOLOGY
942 _2ddc
_cBK
999 _c32416
_d32416